<?xml version="1.0" encoding="UTF-8"?>
<marc:record xmlns:marc="http://www.loc.gov/MARC21/slim" type="Bibliographic">
   <marc:leader>00000pem a2200000 cb4500</marc:leader>
   <marc:controlfield tag="001">1029257612</marc:controlfield>
   <marc:controlfield tag="003">DE-101</marc:controlfield>
   <marc:controlfield tag="005">20171203062413.0</marc:controlfield>
   <marc:controlfield tag="007">a|||||||</marc:controlfield>
   <marc:controlfield tag="008">121221s2014    au |||||||a||   ||||ger  </marc:controlfield>
   <marc:datafield ind1=" " ind2=" " tag="015">
      <marc:subfield code="a">14,C02</marc:subfield>
      <marc:subfield code="z">13,N02</marc:subfield>
      <marc:subfield code="2">dnb</marc:subfield>
   </marc:datafield>
   <marc:datafield ind1="7" ind2=" " tag="016">
      <marc:subfield code="2">DE-101</marc:subfield>
      <marc:subfield code="a">1029257612</marc:subfield>
   </marc:datafield>
   <marc:datafield ind1=" " ind2=" " tag="020">
      <marc:subfield code="a">9783850004084</marc:subfield>
      <marc:subfield code="c">in Umschlag : EUR 6.90 (DE), EUR 6.90 (AT), sfr 10.50 (freier Pr.)</marc:subfield>
      <marc:subfield code="9">978-3-85000-408-4</marc:subfield>
   </marc:datafield>
   <marc:datafield ind1="3" ind2=" " tag="024">
      <marc:subfield code="a">9783850004084</marc:subfield>
   </marc:datafield>
   <marc:datafield ind1=" " ind2=" " tag="035">
      <marc:subfield code="a">(DE-599)DNB1029257612</marc:subfield>
   </marc:datafield>
   <marc:datafield ind1=" " ind2=" " tag="035">
      <marc:subfield code="a">(OCoLC)864637272</marc:subfield>
   </marc:datafield>
   <marc:datafield ind1=" " ind2=" " tag="040">
      <marc:subfield code="a">1145</marc:subfield>
      <marc:subfield code="b">ger</marc:subfield>
      <marc:subfield code="c">DE-101</marc:subfield>
      <marc:subfield code="d">9999</marc:subfield>
   </marc:datafield>
   <marc:datafield ind1=" " ind2=" " tag="041">
      <marc:subfield code="a">ger</marc:subfield>
   </marc:datafield>
   <marc:datafield ind1=" " ind2=" " tag="043">
      <marc:subfield code="c">XA-AT-7</marc:subfield>
   </marc:datafield>
   <marc:datafield ind1=" " ind2=" " tag="044">
      <marc:subfield code="c">XA-AT</marc:subfield>
   </marc:datafield>
   <marc:datafield ind1="7" ind2="4" tag="082">
      <marc:subfield code="a">796</marc:subfield>
      <marc:subfield code="a">910</marc:subfield>
      <marc:subfield code="q">DE-101</marc:subfield>
      <marc:subfield code="2">22sdnb</marc:subfield>
   </marc:datafield>
   <marc:datafield ind1=" " ind2=" " tag="090">
      <marc:subfield code="a">b</marc:subfield>
   </marc:datafield>
   <marc:datafield ind1="0" ind2="0" tag="245">
      <marc:subfield code="a">Radkarte Innsbruck, Tiroler Unterland - West</marc:subfield>
      <marc:subfield code="b">Hall, Schwaz, Inntal, Karwendelgebirge, Tuxer Alpen, Zillertaler Alpen, Bike Trail Tirol ; GPS-tauglich mit UTM-Netz</marc:subfield>
   </marc:datafield>
   <marc:datafield ind1=" " ind2=" " tag="250">
      <marc:subfield code="a">1. Aufl., wasserfest und reißfest</marc:subfield>
   </marc:datafield>
   <marc:datafield ind1=" " ind2=" " tag="255">
      <marc:subfield code="a">1:75 000</marc:subfield>
   </marc:datafield>
   <marc:datafield ind1=" " ind2=" " tag="259">
      <marc:subfield code="a">11</marc:subfield>
   </marc:datafield>
   <marc:datafield ind1=" " ind2="1" tag="264">
      <marc:subfield code="a">Rodingersdorf</marc:subfield>
      <marc:subfield code="b">Esterbauer</marc:subfield>
      <marc:subfield code="c">2014</marc:subfield>
   </marc:datafield>
   <marc:datafield ind1=" " ind2=" " tag="300">
      <marc:subfield code="a">1 Kt. auf Vorder- und Rücks.</marc:subfield>
      <marc:subfield code="b">mehrfarb.</marc:subfield>
      <marc:subfield code="c">Blattgr. 101 x 45 cm, gefaltet, 58 g</marc:subfield>
   </marc:datafield>
   <marc:datafield ind1=" " ind2=" " tag="336">
      <marc:subfield code="a">kartografisches Bild</marc:subfield>
      <marc:subfield code="b">cri</marc:subfield>
      <marc:subfield code="2">rdacontent</marc:subfield>
   </marc:datafield>
   <marc:datafield ind1=" " ind2=" " tag="337">
      <marc:subfield code="a">ohne Hilfsmittel zu benutzen</marc:subfield>
      <marc:subfield code="b">n</marc:subfield>
      <marc:subfield code="2">rdamedia</marc:subfield>
   </marc:datafield>
   <marc:datafield ind1=" " ind2=" " tag="338">
      <marc:subfield code="a">Blatt</marc:subfield>
      <marc:subfield code="b">nb</marc:subfield>
      <marc:subfield code="2">rdacarrier</marc:subfield>
   </marc:datafield>
   <marc:datafield ind1="1" ind2=" " tag="490">
      <marc:subfield code="a">RK A</marc:subfield>
      <marc:subfield code="v">12</marc:subfield>
   </marc:datafield>
   <marc:datafield ind1="1" ind2=" " tag="490">
      <marc:subfield code="a">Bikeline</marc:subfield>
      <marc:subfield code="v">Bl. 215 : Österreich</marc:subfield>
   </marc:datafield>
   <marc:datafield ind1=" " ind2=" " tag="500">
      <marc:subfield code="a">Mit Nebenkt. - Mit Schummerung und Höhenlinien</marc:subfield>
   </marc:datafield>
   <marc:datafield ind1=" " ind2="7" tag="650">
      <marc:subfield code="0">(DE-588)4076488-6</marc:subfield>
      <marc:subfield code="0">http://d-nb.info/gnd/4076488-6</marc:subfield>
      <marc:subfield code="0">(DE-101)040764885</marc:subfield>
      <marc:subfield code="a">Radwandern</marc:subfield>
      <marc:subfield code="2">gnd</marc:subfield>
   </marc:datafield>
   <marc:datafield ind1=" " ind2="7" tag="651">
      <marc:subfield code="0">(DE-588)4027098-1</marc:subfield>
      <marc:subfield code="0">http://d-nb.info/gnd/4027098-1</marc:subfield>
      <marc:subfield code="0">(DE-101)04027098X</marc:subfield>
      <marc:subfield code="a">Innsbruck</marc:subfield>
      <marc:subfield code="z">Region</marc:subfield>
      <marc:subfield code="2">gnd</marc:subfield>
   </marc:datafield>
   <marc:datafield ind1=" " ind2="7" tag="651">
      <marc:subfield code="0">(DE-588)4053810-2</marc:subfield>
      <marc:subfield code="0">http://d-nb.info/gnd/4053810-2</marc:subfield>
      <marc:subfield code="0">(DE-101)040538109</marc:subfield>
      <marc:subfield code="a">Schwaz</marc:subfield>
      <marc:subfield code="2">gnd</marc:subfield>
   </marc:datafield>
   <marc:datafield ind1=" " ind2="7" tag="651">
      <marc:subfield code="0">(DE-588)4122747-5</marc:subfield>
      <marc:subfield code="0">http://d-nb.info/gnd/4122747-5</marc:subfield>
      <marc:subfield code="0">(DE-101)041227476</marc:subfield>
      <marc:subfield code="a">Zell am Ziller</marc:subfield>
      <marc:subfield code="2">gnd</marc:subfield>
   </marc:datafield>
   <marc:datafield ind1=" " ind2="7" tag="651">
      <marc:subfield code="0">(DE-588)4228371-1</marc:subfield>
      <marc:subfield code="0">http://d-nb.info/gnd/4228371-1</marc:subfield>
      <marc:subfield code="0">(DE-101)04228371X</marc:subfield>
      <marc:subfield code="a">Steinach am Brenner</marc:subfield>
      <marc:subfield code="2">gnd</marc:subfield>
   </marc:datafield>
   <marc:datafield ind1=" " ind2=" " tag="653">
      <marc:subfield code="a">(Produktform)Sheet map, folded</marc:subfield>
   </marc:datafield>
   <marc:datafield ind1=" " ind2=" " tag="653">
      <marc:subfield code="a">(VLB-Produktgruppen)TT000</marc:subfield>
   </marc:datafield>
   <marc:datafield ind1=" " ind2=" " tag="653">
      <marc:subfield code="a">Innsbruck</marc:subfield>
   </marc:datafield>
   <marc:datafield ind1=" " ind2=" " tag="653">
      <marc:subfield code="a">Tirol</marc:subfield>
   </marc:datafield>
   <marc:datafield ind1=" " ind2=" " tag="653">
      <marc:subfield code="a">(DNB-Sachgruppen)910</marc:subfield>
   </marc:datafield>
   <marc:datafield ind1=" " ind2=" " tag="653">
      <marc:subfield code="a">(VLB-WN)8320: Karten, Globen / Reiseführer/Sportreisen, Aktivreisen</marc:subfield>
   </marc:datafield>
   <marc:datafield ind1=" " ind2="7" tag="655">
      <marc:subfield code="0">(DE-588)4029783-4</marc:subfield>
      <marc:subfield code="0">http://d-nb.info/gnd/4029783-4</marc:subfield>
      <marc:subfield code="0">(DE-101)040297837</marc:subfield>
      <marc:subfield code="a">Karte</marc:subfield>
      <marc:subfield code="2">gnd-content</marc:subfield>
   </marc:datafield>
   <marc:datafield ind1=" " ind2="7" tag="655">
      <marc:subfield code="a">Karte</marc:subfield>
      <marc:subfield code="2">gnd</marc:subfield>
   </marc:datafield>
   <marc:datafield ind1="0" ind2="0" tag="689">
      <marc:subfield code="0">(DE-588)4027098-1</marc:subfield>
      <marc:subfield code="0">http://d-nb.info/gnd/4027098-1</marc:subfield>
      <marc:subfield code="0">(DE-101)04027098X</marc:subfield>
      <marc:subfield code="D">g</marc:subfield>
      <marc:subfield code="a">Innsbruck</marc:subfield>
      <marc:subfield code="z">Region</marc:subfield>
   </marc:datafield>
   <marc:datafield ind1="0" ind2="1" tag="689">
      <marc:subfield code="0">(DE-588)4053810-2</marc:subfield>
      <marc:subfield code="0">http://d-nb.info/gnd/4053810-2</marc:subfield>
      <marc:subfield code="0">(DE-101)040538109</marc:subfield>
      <marc:subfield code="D">g</marc:subfield>
      <marc:subfield code="a">Schwaz</marc:subfield>
   </marc:datafield>
   <marc:datafield ind1="0" ind2="2" tag="689">
      <marc:subfield code="0">(DE-588)4122747-5</marc:subfield>
      <marc:subfield code="0">http://d-nb.info/gnd/4122747-5</marc:subfield>
      <marc:subfield code="0">(DE-101)041227476</marc:subfield>
      <marc:subfield code="D">g</marc:subfield>
      <marc:subfield code="a">Zell am Ziller</marc:subfield>
   </marc:datafield>
   <marc:datafield ind1="0" ind2="3" tag="689">
      <marc:subfield code="0">(DE-588)4228371-1</marc:subfield>
      <marc:subfield code="0">http://d-nb.info/gnd/4228371-1</marc:subfield>
      <marc:subfield code="0">(DE-101)04228371X</marc:subfield>
      <marc:subfield code="D">g</marc:subfield>
      <marc:subfield code="a">Steinach am Brenner</marc:subfield>
   </marc:datafield>
   <marc:datafield ind1="0" ind2="4" tag="689">
      <marc:subfield code="0">(DE-588)4076488-6</marc:subfield>
      <marc:subfield code="0">http://d-nb.info/gnd/4076488-6</marc:subfield>
      <marc:subfield code="0">(DE-101)040764885</marc:subfield>
      <marc:subfield code="D">s</marc:subfield>
      <marc:subfield code="a">Radwandern</marc:subfield>
   </marc:datafield>
   <marc:datafield ind1="0" ind2="5" tag="689">
      <marc:subfield code="A">f</marc:subfield>
      <marc:subfield code="a">Karte</marc:subfield>
   </marc:datafield>
   <marc:datafield ind1="0" ind2=" " tag="689">
      <marc:subfield code="5">DE-101</marc:subfield>
      <marc:subfield code="5">DE-101</marc:subfield>
   </marc:datafield>
   <marc:datafield ind1="2" ind2=" " tag="810">
      <marc:subfield code="a">Verlag Esterbauer</marc:subfield>
      <marc:subfield code="4">aut</marc:subfield>
      <marc:subfield code="t">RK A</marc:subfield>
      <marc:subfield code="v">12</marc:subfield>
      <marc:subfield code="w">(DE-101)969128258</marc:subfield>
      <marc:subfield code="9">212</marc:subfield>
      <marc:subfield code="7">em</marc:subfield>
   </marc:datafield>
   <marc:datafield ind1=" " ind2="0" tag="830">
      <marc:subfield code="a">Bikeline</marc:subfield>
      <marc:subfield code="v">Bl. 215 : Österreich</marc:subfield>
      <marc:subfield code="w">(DE-101)1041259433</marc:subfield>
      <marc:subfield code="w">(DE-600)2731888-6</marc:subfield>
      <marc:subfield code="9">3215</marc:subfield>
      <marc:subfield code="7">as</marc:subfield>
   </marc:datafield>
   <marc:datafield ind1=" " ind2=" " tag="850">
      <marc:subfield code="a">DE-101a</marc:subfield>
   </marc:datafield>
   <marc:datafield ind1="r" ind2=" " tag="925">
      <marc:subfield code="a">rc</marc:subfield>
   </marc:datafield>
</marc:record>
